|
|
|
|
| LEADER |
01124cam a2200301 a 4500 |
| 001 |
3961648 |
| 005 |
20150805102645.0 |
| 008 |
150805s1995 nyu b 000 0 eng |
| 010 |
|
|
|a 94035210
|
| 020 |
|
|
|a 0553503707
|
| 020 |
|
|
|a 0446671223
|
| 040 |
|
|
|a DLC
|c DLC
|d DLC
|d BD-DhAAL
|
| 050 |
0 |
0 |
|a PS3568.E3448
|b C45 1995
|
| 082 |
0 |
0 |
|a 813/.54
|2 20
|
| 999 |
|
|
|c 35156
|d 35156
|
| 999 |
|
|
|c 35156
|
| 999 |
|
|
|c 35156
|
| 100 |
1 |
|
|a Redfield, James.
|9 13534
|
| 245 |
1 |
4 |
|a The celestine prophecy.
|p An experiential guide /
|c James Redfield and Carol Adrienne.
|
| 260 |
|
|
|a New York, NY :
|b Bantom Books,
|c c1995.
|
| 300 |
|
|
|a xviii, 285 p. ;
|c 23 cm.
|
| 504 |
|
|
|a Includes bibliographical references.
|
| 541 |
|
|
|e 29582
|
| 600 |
1 |
0 |
|a Redfield, James.
|t Celestine prophecy.
|9 13535
|
| 650 |
|
0 |
|a Spiritual life in literature.
|9 13536
|
| 700 |
1 |
|
|a Adrienne, Carol.
|9 13537
|
| 942 |
|
|
|2 ddc
|c BK
|
| 952 |
|
|
|0 0
|1 0
|2 ddc
|4 0
|6 813_540000000000000_RED
|7 0
|9 55118
|a BRACUL
|b BRACUL
|c GEN
|d 2015-08-05
|e BRAC Institute of Language (BIL)
|l 1
|o 813.54 RED
|p 3010029582
|r 2024-04-17
|s 2024-04-03
|t 1
|w 2015-08-05
|y BK
|x Transferred from BIL to BRACUL on 06/06/22
|